|
|
|
|
| LEADER |
00707cam a2200193 7i4500 |
| 001 |
0000050601 |
| 005 |
20171117090000.0 |
| 020 |
|
|
|a 9781466575042 (hbk.)
|
| 090 |
0 |
0 |
|a TH483
|b .D46 2014
|
| 100 |
1 |
|
|a Delaney, Joseph
|
| 245 |
1 |
0 |
|a Construction program management
|c Joseph Delaney.
|
| 264 |
|
1 |
|a Boca Raton:
|b CRC Press, Taylor & Francis Group,
|c 2014.
|
| 300 |
|
|
|a xvii, 181 p.:
|b ill.;
|c 24 cm.
|
| 490 |
0 |
|
|a Best practices and advances in program management series
|
| 650 |
0 |
0 |
|a Project management
|
| 650 |
0 |
0 |
|a Construction industry
|
| 997 |
|
|
|a Engineering & Life Sciences, Faculty
|b Engineering, Department
|
| 998 |
|
|
|a Civil Engineering, Degree
|
| 999 |
|
|
|a 0000060521
|b BOK
|c OPEN SHELF
|e 2nd Floor, Bestari Jaya
|